Dijon - Choix Multiples - Statistiques

Statistiques générales
  • Ce quiz a été pris 5 644 fois
    5 495 depuis la dernière actualisation
  • Le résultat moyen est 6 sur 10
Statistiques - réponses
Question Réponse % Correct
Quel sauce est une spécialité gastronomique de Dijon ? La moutarde
98%
Quel bâtiment historique abrite désormais l'hôtel de ville et le musée des Beaux-Arts ? Le Palais des ducs de Bourgogne
80%
Quel animal est sculpté sur un mur de l'église Notre-Dame de Dijon ? Une chouette
73%
Quel ancien chanoine et homme politique dijonnais a donné son nom à un lac et à une boisson alcoolisée ? Félix Kir
72%
De quoi Dijon accueille-t-elle la Cité internationale depuis 2022 ? De la gastronomie et du vin
71%
Quel ingénieur de renommée internationale est né et a étudié à Dijon ? Gustave Eiffel
63%
Laquelle de ces photos n'a pas été prise à Dijon ?
49%
Comment était surnommé Jean Ier de Bourgogne ? Jean sans Peur
46%
Quelle est la particularité du quartier des Lentillères ? Il est autogéré depuis la fin des années 2000.
38%
Parmi ces surnoms, lequel ne désigne pas Dijon ? Chrysopolis
36%
Aucun quiz correspondant
Distribution des résultats
% des personnes avec chaque résultat
Percentile par nombre de réponses
Votre historique - résultats
Vous n’avez pas pris ce quiz depuis la dernière actualisation